Find the 'N' Countries Quiz Stats

 Plays Quiz Updated Feb 13, 2019

Challenge
Share
Tweet
Score 0/11 Timer 03:00
23 Plays Today
% Correct
Nigeria
80.1%
Niger
80%
Nicaragua
78.4%
Norway
76.8%
Namibia
69.6%
Nepal
68.1%
North Korea
67.9%
New Zealand
67.8%
Netherlands
64.7%
Nauru
45.1%
North Macedonia
0.2%

You're not logged in!

Compare scores with friends on all Sporcle quizzes.
OR
Log In

You Might Also Like...

Show Comments

Extras

Top Quizzes Today


Score Distribution

Your Account Isn't Verified!

In order to create a playlist on Sporcle, you need to verify the email address you used during registration. Go to your Sporcle Settings to finish the process.

Report this User

Report this user for behavior that violates our Community Guidelines.

Details: